00562nam a22001697a 450000500170000001000150001702000260003203500140005803700130007208200130008510000200009824500550011826000600017327001190023330000260035270000140037820220621165915.0 aENG-133298 a9789383959617c424.00 aEN-116830 bDBAD/PUB a621.3192 aRani, D. Shobha aElectrical Circuits/cD. Shobha Rani and S. Swathi aHyderabadbStudentsHelpline Publishing House Ltd.c2019 a#326/C, 1st Floor, Surneni Nilayam Near B K Guda Park, S R NagarbHyderabade500038mstudentshelpline.in@gmail.com axiv, 530p.c24cm(pbk) aSwathi, S